| 000 | 00611cam a2200229 i 4500 | ||
|---|---|---|---|
| 001 | 3652062 | ||
| 005 | 20180302053811.0 | ||
| 008 | 760601s1976 maua b 001 0 eng | ||
| 010 | _a 76019110 | ||
| 020 |
_a0843601620 : _c$25.00 |
||
| 040 |
_aDLC _cDLC _dDLC |
||
| 041 | _aeng | ||
| 043 | _an-us--- | ||
| 080 | _a343.73078 | ||
| 082 | 0 | 0 | _a343.73078 OBR |
| 100 | 1 | _a14 | |
| 101 | _aSHJ | ||
| 245 | 1 | 0 |
_aConstruction delay : _cJames J. O'Brien. |
| 504 | _aBibliography: p. 357. | ||
| 906 |
_a7 _bcbc _corignew _d1 _eocip _f19 _gy-gencatlg |
||
| 942 |
_2ddc _cBK |
||
| 999 |
_c44005 _d44005 |
||